000 00680nam a2200241Ia 4500
003 OSt
005 20220926034029.0
006 a|||||r|||| 00| 0
007 ta
008 220923b |||||||| |||| 00| 0 eng d
037 _cGeneral Book
040 _aRTL
_cRTL
_beng
041 _2eng
_aeng
082 _aX:82, L2
100 _aDemaria Aldred T.
_9339919
245 0 _aManager unions
_b An AMA research report
260 _aWashington
_bAMA
_c1972
300 _a31p.
_ccm.
490 _aAmerican Management Association Research Report
650 _aTop Management
942 _hX:82, L2
_cGB
_2CC
999 _c658541
_d658541